Project management: (Record no. 145515)
[ view plain ]
| 000 -LEADER | |
|---|---|
| fixed length control field | 00901nam a22002297a 4500 |
| 005 - DATE AND TIME OF LATEST TRANSACTION | |
| control field | 20180212122208.0 |
| 010 ## - LCCN (DPL NO) | |
| LC control number | 1718EN-30 |
| 020 ## - INTERNATIONAL STANDARD BOOK NUMBER | |
| International Standard Book Number | 9789332575295 |
| Terms of availability | 849.00 |
| 035 ## - SYSTEM CONTROL NUMBER | |
| System control number | B-684195-199 |
| 037 ## - SOURCE OF ACQUISITION | |
| Source of stock number/acquisition | BSB |
| Stock number | dpl |
| 082 ## - DEWEY DECIMAL CLASSIFICATION NUMBER | |
| Classification number | 658.404 |
| 100 ## - MAIN ENTRY--PERSONAL NAME | |
| Personal name | Shtub, Avraham |
| 245 ## - TITLE STATEMENT | |
| Title | Project management: |
| Statement of responsibility, etc | by Avraham Shtub, Jonathan F Bard [and] Shlomo Globerson |
| Remainder of title | processes, methodologies and economics / |
| 250 ## - EDITION STATEMENT | |
| Edition statement | 2nd ed |
| 260 ## - PUBLICATION, DISTRIBUTION, ETC. (IMPRINT) | |
| Date of publication, distribution, etc | 2017 |
| Place of publication, distribution, etc | Noida |
| Name of publisher, distributor, etc | Pearson India |
| 270 ## - ADDRESS | |
| Address | 15th Floor,, Tower-B, World Trade, Plot No.1, Block-C, Sector-16, |
| City | Noida |
| Postal code | 201301 |
| 300 ## - PHYSICAL DESCRIPTION | |
| Dimensions | 23cm(pbk) |
| Extent | 597p. |
| Other physical details | ill. |
| 700 ## - ADDED ENTRY--PERSONAL NAME | |
| Personal name | Bard, Jonathan F |
| 700 ## - ADDED ENTRY--PERSONAL NAME | |
| Personal name | Globerson, Shlomo |
| 942 ## - ADDED ENTRY ELEMENTS (KOHA) | |
| Item type | English Books |
| Source of classification or shelving scheme | Dewey Decimal Classification |
| Call number suffix | SHT |
| Classification part | 658.404 |
| Withdrawn status | Lost status | Not for loan | Collection code | Home library | Current library | Date acquired | Source of acquisition | Cost, normal purchase price | Full call number | Barcode | Copy number | Cost, replacement price | Koha item type |
|---|---|---|---|---|---|---|---|---|---|---|---|---|---|
| Non-fiction | Ashok Vihar | Ashok Vihar | 12/02/2018 | BSB/299/1.12.2017/BPPB/EN/2017-18/641/20.11.17/14.12.2017 | 849.00 | 658.404 SHT | B-684196 | 1 | 849.00 | English Books | |||
| Non-fiction | Bawana | Bawana | 12/02/2018 | BSB/299/1.12.2017/BPPB/EN/2017-18/641/20.11.17/14.12.2017 | 849.00 | 658.404 SHT | B-684199 | 1 | 849.00 | English Books | |||
| Non-fiction | Central Library | Central Library | 12/02/2018 | BSB/299/1.12.2017/BPPB/EN/2017-18/641/20.11.17/14.12.2017 | 849.00 | 658.404 SHT | B-684195 | 1 | 849.00 | English Books | |||
| Non-fiction | Janak Puri | Janak Puri | 12/02/2018 | BSB/299/1.12.2017/BPPB/EN/2017-18/641/20.11.17/14.12.2017 | 849.00 | 658.404 SHT | B-684198 | 1 | 849.00 | English Books | |||
| Non-fiction | Patel Nagar | Patel Nagar | 12/02/2018 | BSB/299/1.12.2017/BPPB/EN/2017-18/641/20.11.17/14.12.2017 | 849.00 | 658.404 SHT | B-684197 | 1 | 849.00 | English Books |
